[Event "35t. Copenhagen Open (Politiken Cup)"]
[Site "Elsinore"]
[Date "2013.08.02"]
[Round "8"]
[White "Lindgren, Philip"]
[Black "Lund, Silas"]
[Result "1/2-1/2"]
[WhiteElo "2287"]
[BlackElo "2421"]
[PlyCount "124"]
[EventDate "2013.07.27"]
[EventType "swiss"]
[EventRounds "10"]
[EventCountry "DEN"]
[Source "ChessBase"]
[SourceDate "2013.08.26"]

1. d4 e6 2. c4 Bb4+ 3. Bd2 a5 4. g3 Nf6 5. Bg2 d5 6. Nf3 dxc4 7. Qc2 Nc6 8.
Qxc4 Qd5 9. Qd3 Qe4 10. Qxe4 Nxe4 11. a3 Nxd2 12. Nbxd2 Bd6 13. Ne4 Ke7 14. O-O
a4 15. Rac1 Ra5 16. Rc2 Bd7 17. Rfc1 Rb8 18. e3 f5 19. Nc5 Bxc5 20. Rxc5 Rxc5
21. Rxc5 b6 22. Rc2 b5 23. Ne1 Kd6 24. Nd3 Rb6 25. Kf1 Na5 26. Ke2 Nc4 27. Ne5
Nxe5 28. dxe5+ Kxe5 29. Rxc7 Kd6 30. Rc2 b4 31. axb4 Rxb4 32. Kd2 e5 33. f4 e4
34. Kc1 Rb3 35. Rc3 Rxc3+ 36. bxc3 a3 37. g4 g6 38. gxf5 gxf5 39. Kc2 Be6 40.
Bf1 Kc5 41. Ba6 Kb6 42. Bf1 Ka5 43. Be2 Bf7 44. Bf1 h6 45. Be2 Ka4 46. Ba6 a2
47. Kb2 a1=Q+ 48. Kxa1 Kb3 49. Kb1 Kxc3 50. Kc1 Bb3 51. Bb5 Bc2 52. Bd7 Kd3 53.
Bb5+ Kc3 54. Bd7 Kd3 55. Bb5+ Kxe3 56. Kxc2 Kxf4 57. Bd7 h5 58. Kd2 h4 59. Ke2
Ke5 60. h3 f4 61. Bg4 f3+ 62. Ke3 f2 1/2-1/2

[Event "35t. Copenhagen Open (Politiken Cup)"]
[Site "Elsinore"]
[Date "2013.08.02"]
[Round "8"]
[White "Lofgren, Claes"]
[Black "Maagaard, David Bille"]
[Result "1-0"]
[WhiteElo "2127"]
[BlackElo "1821"]
[PlyCount "56"]
[EventDate "2013.07.27"]
[EventType "swiss"]
[EventRounds "10"]
[EventCountry "DEN"]
[Source "ChessBase"]
[SourceDate "2013.08.26"]

1. Nf3 c5 2. c4 Nf6 3. g3 Nc6 4. Bg2 e5 5. O-O Be7 6. Nc3 d6 7. d3 O-O 8. a3
Rb8 9. Rb1 h6 10. b4 Bf5 11. Nd2 Qd7 12. Nd5 Bh3 13. b5 Bxg2 14. bxc6 Qh3 15.
Nxe7+ Kh8 16. f3 Bxf1 17. Qxf1 Qxf1+ 18. Kxf1 bxc6 19. Rxb8 Rxb8 20. Nxc6 Rb7
21. Ke1 Ne8 22. Kd1 f5 23. Kc2 Kg8 24. Nb1 g5 25. Nc3 Rb6 26. Nd5 Rb7 27. Nce7+
Kf7 28. Nxf5 Ke6 1-0

[Event "35t. Copenhagen Open (Politiken Cup)"]
[Site "Elsinore"]
[Date "2013.08.02"]
[Round "8"]
[White "Lundberg, Roland"]
[Black "Larsen, Preben R"]
[Result "1-0"]
[WhiteElo "1996"]
[BlackElo "1836"]
[PlyCount "121"]
[EventDate "2013.07.27"]
[EventType "swiss"]
[EventRounds "10"]
[EventCountry "DEN"]
[Source "ChessBase"]
[SourceDate "2013.08.26"]

1. Nf3 c5 2. g3 Nc6 3. Bg2 Nf6 4. d3 d5 5. O-O Bg4 6. c3 Qc8 7. Re1 Bxf3 8.
exf3 e6 9. Bg5 Be7 10. f4 Nd7 11. Bxe7 Nxe7 12. Na3 O-O 13. c4 d4 14. Nb5 a6
15. Nd6 Qc7 16. Ne4 Rab8 17. Qe2 h6 18. Qh5 f5 19. Nd2 e5 20. fxe5 Nxe5 21. Qe2
N5c6 22. f4 Rbe8 23. a3 a5 24. Qh5 Qd6 25. Re2 Qg6 26. Qxg6 Nxg6 27. Bd5+ Kh8
28. Rae1 Rxe2 29. Rxe2 Nge7 30. Bf3 Kg8 31. Re6 Rd8 32. Bh5 Kh7 33. Kf2 g6 34.
Bf3 Kg7 35. Bd1 Kf7 36. Re1 Kf6 37. Nf3 Rh8 38. Ba4 Rd8 39. h4 Rd6 40. Ne5 Nb8
41. g4 g5 42. fxg5+ hxg5 43. hxg5+ Kg7 44. Nd7 Nbc6 45. Bxc6 Nxc6 46. Nxc5 fxg4
47. Kg3 Nd8 48. Kxg4 b6 49. Ne4 Rg6 50. Kf5 Nc6 51. Nd2 Nd8 52. Re7+ Nf7 53.
Ne4 Kf8 54. Re6 Rxe6 55. Kxe6 Kg7 56. Kd5 Kg6 57. Kxd4 Kf5 58. Kd5 Ne5 59. Nd6+
Kf4 60. d4 Ng6 61. Kc6 1-0

[Event "35t. Copenhagen Open (Politiken Cup)"]
[Site "Elsinore"]
[Date "2013.08.02"]
[Round "8"]
[White "Madsen, Ole Rysgaard"]
[Black "Sivaranjan, Aschmirthan"]
[Result "1/2-1/2"]
[WhiteElo "1919"]
[BlackElo "1583"]
[PlyCount "32"]
[EventDate "2013.07.27"]
[EventType "swiss"]
[EventRounds "10"]
[EventCountry "DEN"]
[Source "ChessBase"]
[SourceDate "2013.08.26"]

1. Nf3 f5 2. g3 Nf6 3. Bg2 e6 4. c4 d6 5. O-O Be7 6. Nc3 O-O 7. d3 c6 8. Rb1 e5
9. b4 Qe8 10. Qc2 Qh5 11. h3 f4 12. g4 Qg6 13. Nh4 Qg5 14. Nf3 Qg6 15. Nh4 Qg5
16. Nf3 Qg6 1/2-1/2

[Event "35t. Copenhagen Open (Politiken Cup)"]
[Site "Elsinore"]
[Date "2013.08.02"]
[Round "8"]
[White "Marder, Simon"]
[Black "Andersen, Daniel"]
[Result "1/2-1/2"]
[WhiteElo "2049"]
[BlackElo "1917"]
[PlyCount "49"]
[EventDate "2013.07.27"]
[EventType "swiss"]
[EventRounds "10"]
[EventCountry "DEN"]
[Source "ChessBase"]
[SourceDate "2013.08.26"]

1. d4 e6 2. e4 d5 3. Nc3 Bb4 4. e5 c5 5. a3 Bxc3+ 6. bxc3 Qa5 7. Bd2 Qa4 8. Nf3
c4 9. g3 Nc6 10. h4 Bd7 11. h5 h6 12. Nh4 O-O-O 13. Bh3 Nge7 14. O-O g5 15. Ng2
Nf5 16. g4 Nfe7 17. f4 gxf4 18. Rxf4 Rdf8 19. Ne3 Ng8 20. Qf3 Rh7 21. Qf2 f6
22. Qh4 Rhf7 23. Raf1 Qxa3 24. exf6 Qd6 25. R1f2 1/2-1/2

[Event "35t. Copenhagen Open (Politiken Cup)"]
[Site "Elsinore"]
[Date "2013.08.02"]
[Round "8"]
[White "Martinsen, Stig K"]
[Black "Thiry, Jean Christophe"]
[Result "1-0"]
[WhiteElo "2164"]
[BlackElo "1981"]
[PlyCount "123"]
[EventDate "2013.07.27"]
[EventType "swiss"]
[EventRounds "10"]
[EventCountry "DEN"]
[Source "ChessBase"]
[SourceDate "2013.08.26"]

1. d4 d5 2. c4 e6 3. Nc3 Nf6 4. cxd5 exd5 5. Bg5 c6 6. Qc2 Be7 7. e3 O-O 8. Bd3
Nbd7 9. Nge2 Re8 10. O-O-O Nf8 11. h3 b5 12. Ng3 a5 13. Kb1 Bd7 14. Nf5 Bxf5
15. Bxf5 a4 16. Rc1 g6 17. Bd3 Qa5 18. Ne2 Rac8 19. h4 b4 20. Bxf6 Bxf6 21. Qc5
Qxc5 22. Rxc5 Ne6 23. Ra5 Ra8 24. Rxa8 Rxa8 25. Rc1 Bxh4 26. g3 Be7 27. Rxc6 a3
28. Bc2 Kf8 29. Bb3 Ra5 30. bxa3 bxa3 31. Nc3 Bb4 32. Nxd5 Be1 33. Rc8+ Kg7 34.
Rc2 Rb5 35. Kc1 h5 36. Kd1 Ba5 37. f4 Kh6 38. Nc3 Rb6 39. Ne4 f5 40. Nd2 Bxd2
41. Kxd2 Kg7 42. Rc8 Kf6 43. Re8 Nc7 44. Rf8+ Ke7 45. Rf7+ Kd8 46. Kc2 Ne8 47.
d5 Nf6 48. Ra7 Ne4 49. Rxa3 Nxg3 50. Ra8+ Ke7 51. Kd3 Ne4 52. Rc8 h4 53. Ke2 g5
54. Rh8 Nc3+ 55. Kd3 Nxa2 56. Bxa2 Rb2 57. Bc4 gxf4 58. exf4 Kd6 59. Rh6+ Kd7
60. Rxh4 Rb1 61. Kd4 Ke7 62. Ke5 1-0

[Event "35t. Copenhagen Open (Politiken Cup)"]
[Site "Elsinore"]
[Date "2013.08.02"]
[Round "8"]
[White "Matthiesen, Martin"]
[Black "Rorvik, Jon Fredrik"]
[Result "1-0"]
[WhiteElo "2275"]
[BlackElo "2154"]
[PlyCount "53"]
[EventDate "2013.07.27"]
[EventType "swiss"]
[EventRounds "10"]
[EventCountry "DEN"]
[Source "ChessBase"]
[SourceDate "2013.08.26"]

1. d4 d5 2. c4 e5 3. dxe5 d4 4. Nf3 c5 5. e3 Nc6 6. exd4 cxd4 7. Bd3 Nge7 8.
O-O Ng6 9. Re1 Be7 10. Nbd2 Bg4 11. h3 Ngxe5 12. Be4 Bxf3 13. Nxf3 Nxf3+ 14.
Qxf3 Rc8 15. Bg5 O-O 16. Bxe7 Nxe7 17. Qd3 g6 18. Red1 Nc6 19. Bxc6 Rxc6 20.
Qxd4 Qa5 21. b3 Re6 22. Qf4 Re2 23. Rd5 Qb4 24. Rd7 a5 25. Qf3 Re7 26. a3 Re1+
27. Kh2 1-0

[Event "35t. Copenhagen Open (Politiken Cup)"]
[Site "Elsinore"]
[Date "2013.08.02"]
[Round "8"]
[White "Merkesvik, Frode"]
[Black "Nielsen, Kai Gylling"]
[Result "1-0"]
[WhiteElo "1611"]
[BlackElo "1833"]
[PlyCount "97"]
[EventDate "2013.07.27"]
[EventType "swiss"]
[EventRounds "10"]
[EventCountry "DEN"]
[Source "ChessBase"]
[SourceDate "2013.08.26"]

1. Nf3 d5 2. d4 Nf6 3. Bg5 Nbd7 4. e3 c6 5. c4 e6 6. a3 h6 7. Bh4 Be7 8. h3 O-O
9. Nc3 a6 10. cxd5 exd5 11. Be2 Ne4 12. Bxe7 Qxe7 13. Qc2 f5 14. O-O f4 15.
exf4 Rxf4 16. Rae1 Qf6 17. Nxe4 dxe4 18. Bc4+ Kh8 19. Rxe4 Nf8 20. Rxf4 Qxf4
21. Ne5 Bf5 22. Qc3 Kh7 23. Bd3 Rd8 24. g3 Qxe5 25. dxe5 Rxd3 26. Qb4 Ng6 27.
Re1 Rd7 28. g4 Be6 29. f4 Nh4 30. Qc3 Bd5 31. Kf2 Ng2 32. f5 Nxe1 33. Kxe1 Kg8
34. Kf2 Rf7 35. Kg3 h5 36. e6 Rf6 37. Qe5 Rf8 38. g5 Re8 39. e7 b5 40. g6 h4+
41. Kxh4 a5 42. Qd6 a4 43. Qd8 Bf7 44. Kg5 c5 45. f6 b4 46. h4 bxa3 47. bxa3 c4
48. gxf7+ Kxf7 49. Qd5# 1-0

[Event "35t. Copenhagen Open (Politiken Cup)"]
[Site "Elsinore"]
[Date "2013.08.02"]
[Round "8"]
[White "Merkesvik, Sondre"]
[Black "Bach, Matthias"]
[Result "1-0"]
[WhiteElo "1980"]
[BlackElo "2251"]
[PlyCount "121"]
[EventDate "2013.07.27"]
[EventType "swiss"]
[EventRounds "10"]
[EventCountry "DEN"]
[Source "ChessBase"]
[SourceDate "2013.08.26"]

1. d4 d5 2. Nf3 e6 3. g3 c5 4. Bg2 Nc6 5. O-O Nf6 6. c4 Be7 7. dxc5 Bxc5 8.
cxd5 exd5 9. Bg5 O-O 10. Nc3 d4 11. Bxf6 Qxf6 12. Ne4 Qe7 13. Nxc5 Qxc5 14. Qd2
Rd8 15. Rfd1 Bg4 16. Rac1 Qh5 17. Qf4 Rac8 18. b3 h6 19. Rc4 Rd7 20. Rd2 Rcd8
21. Rc1 Rd5 22. Rcd1 g5 23. Qe4 Bf5 24. g4 Qxg4 25. Qxg4 Bxg4 26. Ne1 Re5 27.
Bxc6 bxc6 28. f3 Bh5 29. Rc1 Rde8 30. Kf2 R5e6 31. Rc4 Bg6 32. Rcxd4 Kf8 33.
Nd3 Bxd3 34. R4xd3 f5 35. Rd7 R8e7 36. Rd8+ Kf7 37. Rc8 Re8 38. Rc7+ R8e7 39.
Rc8 Re8 40. Rd7+ R8e7 41. Rxe7+ Rxe7 42. Rxc6 Kg7 43. Rc5 Kg6 44. b4 Rd7 45. b5
f4 46. a4 Kh5 47. Rc6 Rd4 48. Ra6 Rd7 49. Re6 Rd4 50. Re4 Rd6 51. a5 Kh4 52.
Rb4 Rd7 53. b6 axb6 54. axb6 Rb7 55. e3 Kh3 56. exf4 gxf4 57. Rb5 Kh4 58. Kf1
h5 59. Kf2 Rg7 60. b7 Rg2+ 61. Kf1 1-0

[Event "35t. Copenhagen Open (Politiken Cup)"]
[Site "Elsinore"]
[Date "2013.08.02"]
[Round "8"]
[White "Mikkelsen, Nikolaj"]
[Black "Haubro, Martin"]
[Result "0-1"]
[WhiteElo "2418"]
[BlackElo "2201"]
[PlyCount "186"]
[EventDate "2013.07.27"]
[EventType "swiss"]
[EventRounds "10"]
[EventCountry "DEN"]
[Source "ChessBase"]
[SourceDate "2013.08.26"]

1. e4 c5 2. Nc3 d6 3. Nf3 e5 4. Bc4 Be7 5. d3 h6 6. a3 Nf6 7. b4 b6 8. O-O O-O
9. Nh4 Be6 10. Bxe6 fxe6 11. Ng6 Rf7 12. b5 Nbd7 13. f4 Nf8 14. Nxe7+ Qxe7 15.
fxe5 dxe5 16. Be3 N8d7 17. Qe2 Rc8 18. Na4 Rcf8 19. Nb2 Ne8 20. Rxf7 Rxf7 21.
a4 Nd6 22. Nd1 Rf8 23. Bd2 Qf7 24. Ne3 Qg6 25. Bc3 Ra8 26. Ng4 Qg5 27. Rb1 a6
28. Bd2 Qg6 29. Qf3 axb5 30. axb5 Ra2 31. Ne3 Ra3 32. Bc1 Ra2 33. Qd1 Qf7 34.
Bd2 Qe8 35. Ng4 Qg6 36. Ne3 Qe8 37. Bc3 Qg6 38. Qf3 Ra3 39. Ba1 Qg5 40. Ng4
Nxb5 41. Rf1 Kh7 42. h3 Nd6 43. h4 Qxh4 44. Nxe5 Rxa1 45. Nxd7 Rxf1+ 46. Qxf1
Qe7 47. Nxb6 Qb7 48. Na4 Qb4 49. Qa1 Nb5 50. Kf1 Na3 51. Nb2 Nxc2 52. Qc1 Qc3
53. Kg1 Qd4+ 54. Kh1 Qf2 55. Qg1 Qe2 56. Qd1 Qf2 57. Qg1 Qh4+ 58. Qh2 Qg5 59.
Nc4 Nd4 60. Qh3 Ne2 61. Kh2 Qf4+ 62. g3 Qc1 63. Qg2 Qd1 64. Ne5 Nc1 65. Nd7
Nxd3 66. Nf8+ Kg8 67. Nxe6 Qh5+ 68. Kg1 Qe5 69. Qf3 c4 70. Qg4 Qa1+ 71. Kh2
Qb2+ 72. Kg1 Qf2+ 73. Kh1 Qe1+ 74. Kh2 Qf2+ 75. Kh1 Qf6 76. Kh2 Ne5 77. Qf5
Qxf5 78. exf5 Kf7 79. Kg2 Kf6 80. Nd4 h5 81. Kf2 Ng4+ 82. Kf3 Nh6 83. Ke4 c3
84. Ne2 c2 85. Kd3 Nxf5 86. Kxc2 Kg5 87. Kd1 Kg4 88. Ke1 Nxg3 89. Ng1 h4 90.
Kf2 h3 91. Nf3 Ne4+ 92. Ke3 Ng5 93. Ne5+ Kg3 0-1

[Event "35t. Copenhagen Open (Politiken Cup)"]
[Site "Elsinore"]
[Date "2013.08.02"]
[Round "8"]
[White "Molin, Claus"]
[Black "Zyde, Fadmal"]
[Result "1-0"]
[WhiteElo "1982"]
[BlackElo "1675"]
[PlyCount "60"]
[EventDate "2013.07.27"]
[EventType "swiss"]
[EventRounds "10"]
[EventCountry "DEN"]
[Source "ChessBase"]
[SourceDate "2013.08.26"]

1. c4 e5 2. e3 Nf6 3. Nc3 Nc6 4. Nf3 b6 5. d4 exd4 6. exd4 d5 7. cxd5 Nxd5 8.
Bb5 Nxc3 9. Bxc6+ Bd7 10. Bxd7+ Qxd7 11. bxc3 Bd6 12. Qe2+ Be7 13. Ne5 Qd5 14.
Qf3 Qxf3 15. Nxf3 O-O-O 16. O-O f6 17. Bf4 h5 18. a4 g5 19. Bd2 a5 20. Be3 h4
21. Rab1 g4 22. Ne1 Bd6 23. Nd3 Rh7 24. Bf4 Be7 25. Rb5 Rd7 26. Rfb1 Bd8 27.
Re1 Rh8 28. Be3 Be7 29. c4 Bd6 30. c5 bxc5 1-0

[Event "35t. Copenhagen Open (Politiken Cup)"]
[Site "Elsinore"]
[Date "2013.08.02"]
[Round "8"]
[White "Moller, Arne"]
[Black "Taksrud, Vidar"]
[Result "1/2-1/2"]
[WhiteElo "1860"]
[BlackElo "2050"]
[PlyCount "107"]
[EventDate "2013.07.27"]
[EventType "swiss"]
[EventRounds "10"]
[EventCountry "DEN"]
[Source "ChessBase"]
[SourceDate "2013.08.26"]

1. e4 Nf6 2. e5 Nd5 3. d4 d6 4. exd6 Qxd6 5. Nf3 Bg4 6. Be2 Nc6 7. O-O e6 8. c4
Nf4 9. Bxf4 Qxf4 10. Qa4 Bd6 11. g3 Qf6 12. Nbd2 O-O 13. Ne4 Qf5 14. Nxd6 cxd6
15. Nh4 Qe4 16. Bxg4 Qxg4 17. Qd1 Qxd4 18. Qxd4 Nxd4 19. Rfd1 e5 20. Kg2 Rac8
21. b3 f5 22. Nf3 Nxf3 23. Kxf3 Rf6 24. Rd5 Kf7 25. a4 Rc5 26. Rxc5 dxc5 27. a5
Rd6 28. Ke2 e4 29. Rb1 b6 30. b4 Kf6 31. bxc5 bxc5 32. Rb7 a6 33. Rc7 h5 34. h4
g6 35. Rxc5 Ke7 36. Rc7+ Kd8 37. Rb7 Kc8 38. Rb6 Kc7 39. c5 Rc6 40. Ke3 Rxc5
41. Rxg6 Rxa5 42. Rh6 Ra3+ 43. Kd4 a5 44. Rxh5 Rf3 45. g4 Rxf2 46. gxf5 a4 47.
Kxe4 Kb6 48. Rh8 Kc5 49. Ke5 Re2+ 50. Kf6 a3 51. Ra8 Kb4 52. Kg7 Rg2+ 53. Kf7
Rh2 54. f6 1/2-1/2

[Event "35t. Copenhagen Open (Politiken Cup)"]
[Site "Elsinore"]
[Date "2013.08.02"]
[Round "8"]
[White "Morkedal, Oyvind"]
[Black "Martinez Vestergaard, Kristian"]
[Result "1/2-1/2"]
[WhiteElo "1628"]
[BlackElo "1809"]
[PlyCount "77"]
[EventDate "2013.07.27"]
[EventType "swiss"]
[EventRounds "10"]
[EventCountry "DEN"]
[Source "ChessBase"]
[SourceDate "2013.08.26"]

1. e4 c5 2. d4 cxd4 3. c3 dxc3 4. Nxc3 Nc6 5. Nf3 e6 6. Bc4 a6 7. O-O Be7 8.
Qe2 d6 9. Rd1 Bd7 10. Bf4 e5 11. Be3 Nf6 12. h3 b5 13. Bd5 O-O 14. Bxc6 Bxc6
15. Nxe5 Bb7 16. f3 Qa5 17. Ng4 Rfd8 18. Nxf6+ Bxf6 19. Nd5 Bxd5 20. Rxd5 Rac8
21. Qd2 Qxd2 22. Rxd2 Kf8 23. Rad1 Ke7 24. Bf4 Be5 25. Bxe5 dxe5 26. Rxd8 Rxd8
27. Rxd8 Kxd8 28. b4 h5 29. h4 Ke7 30. g4 g6 31. gxh5 gxh5 32. Kf2 Ke6 33. Ke3
Kd6 34. f4 f6 35. f5 Kc6 36. Kd3 Kd6 37. Kc3 Kc6 38. Kb3 Kb6 39. a3 1/2-1/2

[Event "35t. Copenhagen Open (Politiken Cup)"]
[Site "Elsinore"]
[Date "2013.08.02"]
[Round "8"]
[White "Nielsen, Bjorn"]
[Black "Jacobsen, Per"]
[Result "0-1"]
[WhiteElo "1458"]
[BlackElo "1641"]
[PlyCount "100"]
[EventDate "2013.07.27"]
[EventType "swiss"]
[EventRounds "10"]
[EventCountry "DEN"]
[Source "ChessBase"]
[SourceDate "2013.08.26"]

1. e4 Nf6 2. Nc3 d6 3. Nf3 g6 4. Be2 Bg7 5. O-O O-O 6. d4 c6 7. Bf4 Nbd7 8. Bd3
b5 9. Ne2 Qc7 10. h3 a6 11. Qd2 Re8 12. Bh6 Bh8 13. Bf4 Bb7 14. c3 c5 15. d5 c4
16. Bc2 Rad8 17. Nh2 e5 18. dxe6 Rxe6 19. f3 Nh5 20. Be3 Be5 21. Ng4 Bg7 22.
Nd4 Ree8 23. a3 Ne5 24. Nh6+ Kh8 25. Bf4 Nf6 26. Bg5 Rd7 27. Bxf6 Bxf6 28. Ng4
Bg7 29. Qe2 Nxg4 30. hxg4 d5 31. Rfe1 Rde7 32. Qf2 Be5 33. Qh4 Qd6 34. Kf2 dxe4
35. Bxe4 Bxd4+ 36. cxd4 Qxd4+ 37. Kg3 Bxe4 38. Rh1 Qg7 39. fxe4 Rxe4 40. Rab1
f5 41. Rhd1 Rxg4+ 42. Qxg4 fxg4 43. Kxg4 Qe5 44. Kh3 Rf8 45. Rf1 Rxf1 46. Rxf1
Kg7 47. b4 cxb3 48. Rf3 Qf5+ 49. Kh2 Qxf3 50. gxf3 b2 0-1

[Event "35t. Copenhagen Open (Politiken Cup)"]
[Site "Elsinore"]
[Date "2013.08.02"]
[Round "8"]
[White "Nielsen, Jens Holm"]
[Black "Christensen, Janus"]
[Result "1/2-1/2"]
[WhiteElo "1849"]
[BlackElo "2156"]
[PlyCount "117"]
[EventDate "2013.07.27"]
[EventType "swiss"]
[EventRounds "10"]
[EventCountry "DEN"]
[Source "ChessBase"]
[SourceDate "2013.08.26"]

1. d4 Nf6 2. Bf4 c5 3. e3 Qb6 4. dxc5 Qxb2 5. Nd2 e5 6. Rb1 Qc3 7. Ne2 Qxc5 8.
Bg5 d5 9. Bxf6 gxf6 10. Ng3 Nc6 11. Bb5 Be7 12. O-O Be6 13. c4 Rd8 14. Qe2 O-O
15. Rfc1 a6 16. Ba4 dxc4 17. Nde4 Qa5 18. Bxc6 bxc6 19. Nh5 f5 20. Nef6+ Bxf6
21. Nxf6+ Kg7 22. Nh5+ Kh8 23. Nf6 Kg7 24. Nh5+ Kg6 25. Ng3 Kf6 26. Nh5+ Ke7
27. Rb7+ Rd7 28. Rxd7+ Kxd7 29. Qb2 Rc8 30. a4 Ke7 31. f4 Rd8 32. fxe5 Qc5 33.
Qf2 Qxe5 34. Qh4+ f6 35. Re1 Rg8 36. Nf4 Rg7 37. Qh6 Rf7 38. Qh5 Qe4 39. Qe2
Bd5 40. Qb2 Rg7 41. Qb7+ Kf8 42. Qc8+ Kf7 43. Qd7+ Qe7 44. Qxf5 Qd6 45. Rd1 c3
46. Qd3 Qe5 47. Nxd5 Qxd5 48. Qxd5+ cxd5 49. Rxd5 Rg4 50. Rc5 Rxa4 51. Rxc3 Ra2
52. Rc7+ Kg6 53. h3 a5 54. Kh2 a4 55. Kg3 a3 56. Ra7 h5 57. Ra5 Ra1 58. Kh4 a2
59. Kg3 1/2-1/2

[Event "35t. Copenhagen Open (Politiken Cup)"]
[Site "Elsinore"]
[Date "2013.08.02"]
[Round "8"]
[White "Nielsen, John Bauneborg"]
[Black "Oland, Arne"]
[Result "0-1"]
[WhiteElo "2161"]
[BlackElo "1955"]
[PlyCount "87"]
[EventDate "2013.07.27"]
[EventType "swiss"]
[EventRounds "10"]
[EventCountry "DEN"]
[Source "ChessBase"]
[SourceDate "2013.08.26"]

1. g3 d5 2. Bg2 e5 3. e3 Nf6 4. Ne2 Nc6 5. b3 h5 6. h3 Bf5 7. d3 Qd7 8. Bb2
O-O-O 9. Nd2 d4 10. e4 Be6 11. f4 g6 12. fxe5 Nh7 13. Nf3 Bb4+ 14. Kf1 f6 15.
exf6 Nxf6 16. Nexd4 Rhf8 17. Nxc6 Qxc6 18. Qe2 Ng4 19. Kg1 Bc3 20. Bxc3 Qxc3
21. Re1 Qc5+ 22. Kf1 Rf7 23. hxg4 hxg4 24. Qf2 Qc3 25. Kg1 gxf3 26. Bh3 Bxh3
27. Rxh3 Rh8 28. Rxh8+ Qxh8 29. Rf1 g5 30. Qxa7 Qe5 31. Kf2 Qc3 32. Ke3 g4 33.
Qa8+ Kd7 34. Qa4+ Ke7 35. Qc4 Qe5 36. Qb4+ Ke8 37. Kf2 Rh7 38. Qa4+ b5 39. Qa8+
Ke7 40. Rg1 Qd4+ 41. Kf1 Qa1+ 42. Kf2 Rh2+ 43. Ke3 Qxg1+ 44. Kf4 0-1

[Event "35t. Copenhagen Open (Politiken Cup)"]
[Site "Elsinore"]
[Date "2013.08.02"]
[Round "8"]
[White "Nilsen, Martin"]
[Black "Svedberg, Hans"]
[Result "1-0"]
[WhiteElo "1820"]
[BlackElo "2011"]
[PlyCount "51"]
[EventDate "2013.07.27"]
[EventType "swiss"]
[EventRounds "10"]
[EventCountry "DEN"]
[Source "ChessBase"]
[SourceDate "2013.08.26"]

1. f4 d5 2. Nf3 g6 3. e3 Bg7 4. Be2 Nf6 5. O-O O-O 6. d3 c5 7. Nc3 Nc6 8. Qe1
d4 9. Ne4 Nxe4 10. dxe4 e5 11. Bc4 Qe7 12. f5 gxf5 13. exf5 Bxf5 14. exd4 exd4
15. Qg3 Bg6 16. Bf4 Rad8 17. Nh4 Ne5 18. Rae1 Rde8 19. Bxe5 Bxe5 20. Nxg6 hxg6
21. Qxg6+ Kh8 22. Qh6+ Kg8 23. Bd3 f6 24. Bc4+ Rf7 25. Qg6+ Kf8 26. Rxe5 1-0

[Event "35t. Copenhagen Open (Politiken Cup)"]
[Site "Elsinore"]
[Date "2013.08.02"]
[Round "8"]
[White "Nilssen, John Arni"]
[Black "Molvig, Henrik"]
[Result "1-0"]
[WhiteElo "2353"]
[BlackElo "2167"]
[PlyCount "72"]
[EventDate "2013.07.27"]
[EventType "swiss"]
[EventRounds "10"]
[EventCountry "DEN"]
[Source "ChessBase"]
[SourceDate "2013.08.26"]

1. c4 Nf6 2. d4 g6 3. Nc3 Bg7 4. e4 d6 5. Be2 O-O 6. Bg5 c5 7. d5 h6 8. Bf4 b5
9. cxb5 a6 10. a4 Qa5 11. Bd2 axb5 12. Bxb5 Ba6 13. Ra3 Nbd7 14. Nf3 Bxb5 15.
Nxb5 Qb6 16. Qc2 Rfe8 17. O-O e6 18. Bf4 exd5 19. exd5 Bf8 20. Nd2 Nxd5 21. Nc4
Qc6 22. Bxd6 Bxd6 23. Ncxd6 Re6 24. Qd2 Rxd6 25. Qxh6 Nf4 26. Qxf4 Rf6 27. Qh4
Rf5 28. Re3 Kg7 29. Qe4 Qxe4 30. Rxe4 Nb6 31. b3 c4 32. Nd6 Rc5 33. Nxc4 Nxc4
34. Rxc4 Rxc4 35. bxc4 Rxa4 36. Rc1 Kf6 1-0

[Event "35t. Copenhagen Open (Politiken Cup)"]
[Site "Elsinore"]
[Date "2013.08.02"]
[Round "8"]
[White "Ochsner, Bjorn Moller"]
[Black "Andersen, Morten"]
[Result "1-0"]
[WhiteElo "2343"]
[BlackElo "2166"]
[PlyCount "89"]
[EventDate "2013.07.27"]
[EventType "swiss"]
[EventRounds "10"]
[EventCountry "DEN"]
[Source "ChessBase"]
[SourceDate "2013.08.26"]

1. e4 e5 2. Nf3 Nc6 3. Bb5 a6 4. Ba4 Nf6 5. O-O Be7 6. Re1 b5 7. Bb3 d6 8. c3
O-O 9. h3 Na5 10. Bc2 c5 11. d4 Qc7 12. Nbd2 Bd7 13. Nf1 Nc4 14. b3 Nb6 15. Bb2
c4 16. Ne3 Rfc8 17. bxc4 Nxc4 18. Nxc4 bxc4 19. Ba3 Bf8 20. Qd2 h6 21. Bb4 Rd8
22. Rad1 Be6 23. Qe3 Nh5 24. Rd2 Nf4 25. Red1 f6 26. Nh4 g5 27. Nf5 Bxf5 28.
exf5 a5 29. Ba3 h5 30. Kf1 Rab8 31. d5 Bh6 32. Be4 Qb6 33. Rb2 Qc7 34. Rxb8
Rxb8 35. g3 Nxh3 36. Bg2 Kh7 37. Qe2 g4 38. Bxh3 gxh3 39. Qxh5 Rg8 40. Qxh3 Kg7
41. Qh5 Bg5 42. Kg2 Rh8 43. Qg6+ Kf8 44. Rb1 Rh7 45. Bxd6+ 1-0

[Event "35t. Copenhagen Open (Politiken Cup)"]
[Site "Elsinore"]
[Date "2013.08.02"]
[Round "8"]
[White "Olsen, Filip Boe"]
[Black "Oe, Oluf"]
[Result "1-0"]
[WhiteElo "1753"]
[BlackElo "1992"]
[PlyCount "73"]
[EventDate "2013.07.27"]
[EventType "swiss"]
[EventRounds "10"]
[EventCountry "DEN"]
[Source "ChessBase"]
[SourceDate "2013.08.26"]

1. d4 d5 2. c4 e6 3. Nf3 Nf6 4. g3 c6 5. Nbd2 Bb4 6. Bg2 dxc4 7. Qc2 b5 8. Ne5
Bb7 9. e3 O-O 10. b3 cxb3 11. Qxb3 Nd5 12. O-O a5 13. Nd3 Qe7 14. a3 a4 15. Qc2
Bd6 16. e4 Nf6 17. f4 Rc8 18. e5 Bc7 19. Nc5 Bd8 20. f5 exf5 21. Qxf5 Nd5 22.
Nde4 Bb6 23. Bg5 Qf8 24. Nd6 Bxc5 25. dxc5 Rc7 26. e6 f6 27. Bxd5 cxd5 28. Nxb7
Rxb7 29. Qxd5 Qe7 30. Rxf6 Na6 31. Rf8+ Rxf8 32. Bxe7 Rxe7 33. Qd6 Ra7 34. e7
Re8 35. Qe6+ Kh8 36. Rf1 Raa8 37. Qxa6 1-0

[Event "35t. Copenhagen Open (Politiken Cup)"]
[Site "Elsinore"]
[Date "2013.08.02"]
[Round "8"]
[White "Olsson, Tomas"]
[Black "Thuesen, Mogens Henrik"]
[Result "0-1"]
[WhiteElo "1932"]
[BlackElo "2267"]
[PlyCount "120"]
[EventDate "2013.07.27"]
[EventType "swiss"]
[EventRounds "10"]
[EventCountry "DEN"]
[Source "ChessBase"]
[SourceDate "2013.08.26"]

1. d4 Nf6 2. c4 c5 3. d5 e5 4. Nc3 d6 5. e4 Be7 6. h3 Nbd7 7. Be3 Nf8 8. Bd3
Ng6 9. g3 h5 10. Qd2 a6 11. Nge2 h4 12. g4 Nh7 13. Ng1 Bg5 14. Nf3 Nf4 15. Bf1
f6 16. O-O-O Bd7 17. Ne2 Nxe2+ 18. Bxe2 b5 19. Kb1 O-O 20. Rc1 Qe7 21. Rc2 Rfb8
22. Ka1 Be8 23. Bd3 Bxe3 24. fxe3 g5 25. Qe2 Nf8 26. Rf1 Rb7 27. Nd2 Rab8 28.
Kb1 Bg6 29. Kc1 Nd7 30. Rf2 Kg7 31. Kd1 Qd8 32. Ke1 Nb6 33. b3 b4 34. Kf1 a5
35. Kg2 a4 36. Rf1 Ra7 37. Rb1 Rba8 38. Rcb2 axb3 39. axb3 Qg8 40. Kh2 Qh7 41.
Qf1 Ra2 42. Qc1 R2a3 43. Qc2 Na4 44. Ra2 Nc3 45. Rxa3 Rxa3 46. Rb2 Kh6 47. Nb1
Ra1 48. Nxc3 bxc3 49. Rb1 Ra3 50. Kg2 Qa7 51. Qxc3 Ra2+ 52. Rb2 Ra1 53. Qd2 Qa3
54. Kh2 Kg7 55. Kg2 Kf7 56. Kh2 Ke7 57. Kg2 Kd7 58. Kh2 Kc7 59. Bb1 Qb4 60.
Qxb4 cxb4 0-1